Der Tales'l | Abriefale der Mamen (Запись № 13714525)

Подробности
000 -МАРКЕР
контрольное поле 02035njm0a2200469 4500
001 - ИДЕНТИФИКАТОР ЗАПИСИ
контрольное поле RU\NLR\ONIZ\309642
005 - ИДЕНТИФИКАТОР ВЕРСИИ
контрольное поле 20260531092322.0
035 ## - ДРУГИЕ СИСТЕМНЫЕ НОМЕРА
Идентификатор записи (NLR Aleph) 022816361
071 00 - ИЗДАТЕЛЬСКИЙ НОМЕР
Номер, присвоенный агентством X-4-102777
071 00 - ИЗДАТЕЛЬСКИЙ НОМЕР
Номер, присвоенный агентством X-4-102782
071 00 - ИЗДАТЕЛЬСКИЙ НОМЕР
Номер, присвоенный агентством X 4-102777:
071 00 - ИЗДАТЕЛЬСКИЙ НОМЕР
Номер, присвоенный агентством X 4-102782:
071 10 - ИЗДАТЕЛЬСКИЙ НОМЕР
Номер, присвоенный агентством 14270b
071 10 - ИЗДАТЕЛЬСКИЙ НОМЕР
Номер, присвоенный агентством 14319b
100 ## - ДАННЫЕ ОБЩЕЙ ОБРАБОТКИ
Данные общей обработки 20181203d1910 |||y0rusy50 ba
102 ## - СТРАНА ПУБЛИКАЦИИ ИЛИ ПРОИЗВОДСТВА
Страна публикации Российская Федерация
126 ## - ПОЛЕ КОДИРОВАННЫХ ДАННЫХ: ЗВУКОЗАПИСИ - ФИЗИЧЕСКИЕ ХАРАКТЕРИСТИКИ
Кодированные данные звукозаписи (общие) adaxdxu ux
Кодированные данные звукозаписи (уточнения) xxx
127 ## - ПОЛЕ КОДИРОВАННЫХ ДАННЫХ: ПРОДОЛЖИТЕЛЬНОСТЬ ЗВУКОЗАПИСЕЙ И НОТНЫХ ИЗДАНИЙ (МУЗЫКАЛЬНОЕ ИСПОЛНЕНИЕ)
Продолжительность 000600
145 0# - ПОЛЕ КОДИРОВАННЫХ ДАННЫХ: СРЕДСТВО ИСПОЛНЕНИЯ МУЗЫКАЛЬНОГО ПРОИЗВЕДЕНИЯ (УСТАРЕВШЕЕ)
Тип средства исполнения c
200 1# - ЗАГЛАВИЕ И СВЕДЕНИЯ ОБ ОТВЕТСТВЕННОСТИ
Основное заглавие Der Tales'l
Общее обозначение материала Звукозапись
Основное заглавие Abriefale der Mamen
Первые сведения об ответственности исполняет: Jacob Lehrmann, Bariton, mit Orchesterbegleitung
203 ## - ВИД СОДЕРЖАНИЯ И ТИП СРЕДСТВА
Вид содержания Музыка
Дополнительные сведения об издании
Тип средства аудио
210 ## - ПУБЛИКАЦИЯ, РАСПРОСТРАНЕНИЕ И ДР.
Место издания, распространения и т.д. S. l.
Имя издателя, распространителя и т. д. Zonophone record
Дата издания, распространения и т.д. [1910]
Имя изготовителя О-во Граммофонъ съ огр. отв.
Место изготовления Рига
215 ## - ФИЗИЧЕСКАЯ ХАРАКТЕРИСТИКА
Специфическое обозначение материала и объем 1 грп. (ок. 6 мин) : 78 об/мин, моно
Размеры 25 см, в конв.
300 ## - ОБЩИЕ ПРИМЕЧАНИЯ
Текст примечания Записано в феврале 1910 г., Варшава
300 ## - ОБЩИЕ ПРИМЕЧАНИЯ
Текст примечания Инж. звукозап. Ф. Гайсберг
300 ## - ОБЩИЕ ПРИМЕЧАНИЯ
Текст примечания Инж. звукозап. и дата записи установл. по кат. А. Келли
606 1# - НАИМЕНОВАНИЕ ТЕМЫ КАК ПРЕДМЕТ
Наименование темы Еврейская музыка
Формальный подзаголовок Звукозапись
Код системы nlr_sh
606 1# - НАИМЕНОВАНИЕ ТЕМЫ КАК ПРЕДМЕТ
Наименование темы Еврейская музыка синагогальная
Формальный подзаголовок Звукозапись
Код системы nlr_sh
-- ca
686 0# - ИНДЕКСЫ ДРУГИХ КЛАССИФИКАЦИЙ
Индекс Щ99(9=Евр)я43
702 #1 - ИМЯ ЛИЦА - ВТОРИЧНАЯ ОТВЕТСТВЕННОСТЬ
Связь между полями z01790
Начальный элемент ввода Лерманн
Часть имени, кроме начального элемента ввода Я.
Дополнения к именам, кроме дат баритон
Расширение инициалов личного имени Якоб
Код отношения Певец
Графика поля Кириллица
702 #1 - ИМЯ ЛИЦА - ВТОРИЧНАЯ ОТВЕТСТВЕННОСТЬ
Связь между полями z02790
Начальный элемент ввода Гайсберг
Часть имени, кроме начального элемента ввода Ф.
Дополнения к именам, кроме дат инженер звукозаписи
Даты 1873-1951
Расширение инициалов личного имени Фред
Код отношения Инженер записи
Графика поля Кириллица
702 #1 - ИМЯ ЛИЦА - ВТОРИЧНАЯ ОТВЕТСТВЕННОСТЬ
Связь между полями z03790
Начальный элемент ввода Келли
Часть имени, кроме начального элемента ввода А.
Даты 1928-2015
Расширение инициалов личного имени Алан
Код отношения Инициатор идеи, Исследователь
-- Составитель
Графика поля Кириллица
790 #1 - ИМЯ ЛИЦА - АЛЬТЕРНАТИВНАЯ ФОРМА
Связь между полями z01702
Начальный элемент ввода Lehrmann
Часть имени, кроме начального элемента ввода J.
Расширение инициалов личного имени Jacob
Код отношения Певец
Графика поля Латинская
790 #1 - ИМЯ ЛИЦА - АЛЬТЕРНАТИВНАЯ ФОРМА
Связь между полями z02702
Начальный элемент ввода Gaisberg
Часть имени, кроме начального элемента ввода F.
Дополнения к именам, кроме дат recording engineer
Даты 1873-1951
Расширение инициалов личного имени Fred
Код отношения Инженер записи
Графика поля Латинская
790 #1 - ИМЯ ЛИЦА - АЛЬТЕРНАТИВНАЯ ФОРМА
Связь между полями z03702
Начальный элемент ввода Kelly
Часть имени, кроме начального элемента ввода A.
Даты 1928-2015
Расширение инициалов личного имени Alan
Код отношения Инициатор идеи, Исследователь
-- Составитель
Графика поля Кириллица
801 #0 - ИСТОЧНИК ЗАПИСИ
Страна Российская Федерация
Организация NLR
Дата составления 20181203
Правила каталогизации PSBO
801 #1 - ИСТОЧНИК ЗАПИСИ
Страна Российская Федерация
Организация NLR
Дата составления 20181203
Источник данных rusmarc
801 #2 - ИСТОЧНИК ЗАПИСИ
Страна Российская Федерация
Организация NLR
Дата составления 20260522
852 ## - МЕСТОНАХОЖДЕНИЕ И ШИФР ХРАНЕНИЯ
Идентификатор организации NLR
Шифр хранения (Call Number) Мг 2к/9127
Идентификатор единицы 45462
Номер экземпляра 1
942 ## - ДОПОЛНИТЕЛЬНЫЕ ЭЛЕМЕНТЫ ЗАПИСИ (АБИС)
Тип экземпляра АБИС Звукозапись
980 ## - КОЛЛЕКЦИЯ
Название коллекции Национальная библиография

Нет доступных экземпляров.